Vista normal Vista MARC
  • Pasqual Schneider, Marilda

Entrada Nombre Personal

Número de registros utilizados en: 1

001 - NUMERO DE CONTROL

  • campo de control: 59208

003 - IDENTIFICADOR DE NUMERO DE CONTROL

  • campo de control: MX-MxUPN

005 - FECHA Y HORA DE LA ÜLTIMA TRANSACCIÓN

  • campo de control: 20260406125927.0

008 - DATOS DE LONGITUD FIJA

  • campo de control de longitud fija: 260406|n ac|nnaabn | aaa d

040 ## - FUENTE DE CATALOGACIÓN

  • Agencia original de catalogación: MX-MxUPN
  • Lenguaje de catalogación: spa

100 1# - ENCABEZAMIENTO - NOMBRE PERSONAL

  • Nombre personal: Pasqual Schneider, Marilda

670 ## - FUENTE EN LA QUE SE LOCALIZARON DATOS

  • Cita de la fuente: Politicas de evaluación educacional y accountability: experiências en países de América Latina, 2023 :
  • Información localizada: portada (Marilda Pasqual Schneider)
  • Uniform Resource Identifier: http://hdl.handle.net/20.500.12209/18431

902 ## - CATALOGADOR

  • Catalogador: JohanaAllegre/060426